| 000 | 00676nam a22002297a 4500 | ||
|---|---|---|---|
| 001 | 216219399 | ||
| 003 | UA-OsUOA | ||
| 005 | 20211104225505.0 | ||
| 008 | 201008b un ||||| |||| 00| 0 ukr d | ||
| 040 |
_aUA-OsUOA _bukr _cUA-OsUOA _dUA-OsUOA |
||
| 041 | _aukr | ||
| 080 | _a821.161.1 | ||
| 090 |
_a821.161.1 _bТ53 |
||
| 100 | _aТолстой Л. | ||
| 245 |
_aАнна Каренина _cЛев Толстой |
||
| 260 |
_aКиев _bДніпро _c1952 |
||
| 300 | _a418 с. | ||
| 650 | _2821 | ||
| 942 |
_2udc _cBK |
||
| 955 | _a3 | ||
| 999 |
_c463568 _d463568 |
||